| 000 | 00320 a2200145 4500 | ||
|---|---|---|---|
| 001 | 86300 | ||
| 082 | _a620.0042 TIC | ||
| 090 |
_c40565 _d40565 |
||
| 100 | _aTickoo | ||
| 245 | _aSolid edge st 4 for designers | ||
| 250 | _a1 | ||
| 260 |
_aUSA _bCAdcim tech _c2012 |
||
| 300 | _axxii | ||
| 500 | _aIndustrial engg | ||
| 942 |
_aNUST-CAE _k620.0042 TIC |
||
| 999 |
_c321373 _d321373 |
||